Chuyện xảy ra sau chiến tranh

Chuyện kể về số phận con người sau chiến tranh . Đó là sự tàn phá về thể xác và tinh thần của bọn giặc bên kia bờ Thái Bình Dương đã gây ra . Qua đó cũng lên tiếng tố cáo tội ác của giặc đối với nhân dân ta....

সম্পূর্ণ বিবরণ

সংরক্ষণ করুন:
গ্রন্থ-পঞ্জীর বিবরন
প্রধান লেখক: Phạm, Quý Thích
বিন্যাস: গ্রন্থ
ভাষা:Undetermined
প্রকাশিত: Hà Nội Công an nhân dân 2008
বিষয়গুলি:
ট্যাগগুলো: ট্যাগ যুক্ত করুন
কোনো ট্যাগ নেই, প্রথমজন হিসাবে ট্যাগ করুন!
Thư viện lưu trữ: Trung tâm Học liệu Trường Đại học Cần Thơ
LEADER 00896nam a2200205Ia 4500
001 CTU_154745
008 210402s9999 xx 000 0 und d
020 |c 40000 
082 |a 895.922334 
082 |b Th302 
100 |a Phạm, Quý Thích 
245 0 |a Chuyện xảy ra sau chiến tranh 
245 0 |c Phạm Quý Thích 
260 |a Hà Nội 
260 |b Công an nhân dân 
260 |c 2008 
520 |a Chuyện kể về số phận con người sau chiến tranh . Đó là sự tàn phá về thể xác và tinh thần của bọn giặc bên kia bờ Thái Bình Dương đã gây ra . Qua đó cũng lên tiếng tố cáo tội ác của giặc đối với nhân dân ta. 
650 |a Stories, Vietnamese 
904 |i Diễm Châu 
980 |a Trung tâm Học liệu Trường Đại học Cần Thơ